UM Logo

Physical Education Teacher Experiences Through the Lens of a Pandemic / (Record no. 24296)

MARC details
000 -LEADER
fixed length control field 00890nam a22002177a 4500
003 - CONTROL NUMBER IDENTIFIER
control field OSt
005 - DATE AND TIME OF LATEST TRANSACTION
control field 20260211104453.0
008 - FIXED-LENGTH DATA ELEMENTS--GENERAL INFORMATION
fixed length control field 260211b |||||||| |||| 00| 0 eng d
040 ## - CATALOGING SOURCE
Transcribing agency 0
082 ## - DEWEY DECIMAL CLASSIFICATION NUMBER
Classification number DPer 796.07 J826 January-October 2023 v. 42 n. 1-4
100 ## - MAIN ENTRY--PERSONAL NAME
Personal name Simonton, Kelly L.
Relator term author.
9 (RLIN) 69651
245 ## - TITLE STATEMENT
Title Physical Education Teacher Experiences Through the Lens of a Pandemic /
Statement of responsibility, etc. Kelly L. Simonton, Todd E. Layne, Boone Brown, and Keith Loupe.
260 ## - PUBLICATION, DISTRIBUTION, ETC. (IMPRINT)
Place of publication, distribution, etc. US
Name of publisher, distributor, etc. Human Kinetics, Inc.
Date of publication, distribution, etc. January 2023
300 ## - PHYSICAL DESCRIPTION
Extent Volume 42, pages 123-134 :
Other physical details illustration ;
Dimensions 29 cm.
500 ## - GENERAL NOTE
General note Journal of Teaching in Physical Education, vol. 42 no. 1, pages 123-134, January-October 2023.
700 ## - ADDED ENTRY--PERSONAL NAME
Personal name Simonton, Kelly L.
Relator term author.
9 (RLIN) 69651
700 ## - ADDED ENTRY--PERSONAL NAME
Personal name Layne, Todd E.
Relator term author.
9 (RLIN) 69652
700 ## - ADDED ENTRY--PERSONAL NAME
Personal name Brown, Boone.
Relator term author.
9 (RLIN) 69653
700 ## - ADDED ENTRY--PERSONAL NAME
Personal name Loupe, Keith.
Relator term author.
9 (RLIN) 69654
942 ## - ADDED ENTRY ELEMENTS (KOHA)
Source of classification or shelving scheme Dewey Decimal Classification
Koha item type Periodicals
Holdings
Withdrawn status Lost status Source of classification or shelving scheme Damaged status Not for loan Collection code Home library Current library Date acquired Total Checkouts Full call number Date last seen Price effective from Koha item type Public note
    Dewey Decimal Classification     Periodicals UM Digos College - LIC UM Digos College - LIC 02/11/2026   DPer 796.07 J826 January-October 2023 v. 42 n. 1-4 02/11/2026 11/02/2026 Periodicals Periodical Article